| 000 | 00633nam a2200217Ii 4500 | ||
|---|---|---|---|
| 003 | JO-AjNU | ||
| 008 | 230606s9999||||xx |||||||||||||| ||und|| | ||
| 020 | _a0-415-24772-1(hbk) , 0-415-24773-X(pbk) | ||
| 040 |
_aJO-AjNU _beng _erda _cJO-AjNU |
||
| 041 | _aeng | ||
| 050 | 1 | 4 | _aPR4556.R685 2004 |
| 100 | 3 |
_aEdited by Janice M.Allan, _eauthor _92801 |
|
| 245 | 0 | 0 | _a Charles Dickens's |
| 250 | _a1 ed | ||
| 264 | 3 | 1 | _aNew York:Routledge ,2004 |
| 300 | _a162P | ||
| 336 |
_atext _btxt _2rdacontent |
||
| 337 |
_aunmediated _bn _2rdamedia |
||
| 338 |
_avolume _bnc _2rdacarrier |
||
| 650 | 4 |
_aDickens's, Charles -Bleak House _92802 |
|
| 999 |
_aE1468 _c1468 _d1468 |
||